| 000 | 02321nam a2200457 c 4500 | ||
|---|---|---|---|
| 003 | BLK | ||
| 005 | 20180422113931.0 | ||
| 008 | 180410b bul|||||r ||||||| ||bul|| | ||
| 010 | _aKNG00171113000 | ||
| 020 |
_a978-954-490-387-9 _bиздат.: Екс-прес |
||
| 040 | _aBLK | ||
| 041 |
_aBUL _cBUL |
||
| 072 | 7 |
_2bullib _aН85 _xДетска художествена литература Н |
|
| 072 | 7 |
_2bullib _aЯ _xАвтографи |
|
| 080 |
_aБългарска бесарабска литература _b821.163.2(478.9) _x-93-8 _z821.163.2(478.9)-93-8 |
||
| 080 |
_aБългарска литература _b821.163.2 _x(477)-93-8 _z821.163.2(477)-93-8 |
||
| 700 | 1 |
_aВълкова-Чурлина, Станка Костадинова _e* _9368477 |
|
| 700 | 1 |
_aАнгелова, Силвия Георгиева _eсъстав. _9327681 |
|
| 700 | 1 |
_aКараиванова, Татяна _eсъстав. _9336052 |
|
| 139 |
_aПразничен календар _bП 84 |
||
| 245 | 1 | 0 |
_aПразничен календар _bСб. : Бълг. литература за деца и юноши на авт. от Молдова и Украйна _c* Станка Костадинова Вълкова-Чурлина; състав. Силвия Георгиева Ангелова; състав. Татяна Караиванова. |
| 257 | _aBGR | ||
| 260 |
_аГаброво _bЕкс-прес _c2013 |
||
| 300 |
_a156 с. _bс ноти _c21 см |
||
| 380 | _aDX | ||
| 500 | _aПълното име на авт. на предг. е Станка Костадинова Вълкова-Чурлина. - Те не забравиха своя род, език и вяра / Станка Вълкова : с. 5-6. - Кратки биографични данни за авторите : с. 142-150. | ||
| 651 | 4 |
_aБесарабия _9178620 |
|
| 651 | 4 |
_aМолдова _9179229 |
|
| 651 | 4 |
_aУкрайна _9179705 |
|
| 653 | _aстихотворения за деца | ||
| 653 | _aразкази | ||
| 653 | _aлитература за деца | ||
| 653 | _aдетска литература | ||
| 659 | _aН | ||
| 659 | _aЯ | ||
| 852 | _aЦб 272618 | ||
| 856 | 4 |
_qpdf _u |
|
| 856 | 4 |
_qpdf _u |
|
| 942 |
_cKNG _n0 |
||
| 944 |
_aCR _c12.02.2015 _lф / _kВиолета_Тройчева |
||
| 944 |
_aED _c14.04.2015 _lф / _kЛюдмила_Стоянова |
||
| 999 |
_c163658 _d163658 |
||